00433 a2200133 450000500170000002000180001708200200003510000210005524500260007625000140010226000480011630000570016470000780022120250603062240.0 a0-471-14063-5 aLECT 657.45 ORE aO'REILLY, V. M.  aMontgomery's auditing a12th Ed.  aCanada, bJohn Wiley & Sons, Inc., c1998.  axlii, 1200p.: ill.; figure, table. bIndex, c25cm.  aMcDONNELL, P. J. & WINOGRAD, B. N. & GERSON, J. S. & JAENICKE, H. R.